000 00308nam a2200133 a 4500
005 20140414132117.0
008 111117s19uu xx 00 eng d
050 _aREF 641.5
_bC28 1997
100 _aCate, Andrew
245 _aSlim, trim and tasty.
650 _aDiet
650 _aRecipe
999 _c114961
_d114961